00720 2200277 4500001002100000005001500021035002000036007000300056008004100059040001700100100001700117245005200134250001200186300004000198020002200238041000800260082001100268084001700279090002300296260003800319500002600357650001700383850001000400990001600410990001600426INLIS00000000000351420260530123919 a0010-0621000046ta260530 0  aSBPUPADbInd1 aImam Rasjidi1 aEpidemiologi Kanker pada Wanita /cImam Rasjidi a.-Cet.1 axxx, 469 hlm. :billus. ;c23,5 cm. a978-602-8674-28-707aInd a616.99 a616.99 IMA e a616.99 IMA e L18-3 a.--Jakarta :bSagung Seto,c2010. aTakarir, hlm. 457-469 4aEpidemiologi aPUPAD a1165/B/2013 a1164/B/2013